|
|
|
|
| LEADER |
00000nab a2200000 ar4500 |
| 001 |
vtls008936663 |
| 003 |
SK-MaSNL |
| 005 |
20260303070652.0 |
| 008 |
070118c2006 xo wr|p|||||||000 b|slo |
| 015 |
|
|
|a SNBRB2007/01
|2 snkbucl
|
| 040 |
|
|
|a SNKBUCL
|b slo
|c SNKBUCL
|e AACR2
|
| 041 |
0 |
|
|a slo
|
| 044 |
|
|
|a xo
|c SK
|
| 080 |
|
|
|a 78.071.2:792.5
|2 2001
|
| 080 |
|
|
|a 792.5
|2 2001
|
| 080 |
|
|
|a 929 Gruberová, Edita
|2 2001
|
| 100 |
1 |
|
|a Blaho, Vladimír,
|d 1943-
|4 aut
|9 102391
|
| 245 |
1 |
0 |
|a Unikátna operná hviezda jubiluje
|c Vladimír Blaho
|
| 300 |
|
|
|b Fotogr.
|
| 600 |
1 |
7 |
|a Gruberová, Edita,
|d 1946-2021
|2 snkbucl
|9 119448
|
| 655 |
|
7 |
|a profily
|2 snkbucl
|9 341977
|
| 773 |
0 |
|
|t Slovo : spoločensko-politický týždenník
|g Roč. VIII, č. 51-52 (2006), s. 19
|x 1335-468X
|
| 852 |
|
|
|a SNK
|b KIS3GCP
|
| 958 |
|
|
|a SK
|
| 958 |
|
|
|a BX
|
| 999 |
|
|
|c 1756414
|d 1758344
|